000 00604nam a2200217Ia 4500
005 20250508164258.0
008 008 250505s9999 xx 000 0 eng d
020 _a81-7829-347-1
037 _aTextual
040 _aFEDL
_beng
_cFEDL
041 _aeng
_2eng
084 _a304.8, JAY
_qFEDL
100 _aJayaram N Ed.
245 0 _aIndian diaspora: Dynamics of migration
260 _aNew Delhi, India
_bSage Publications
_c2004
300 _a255p.
365 _aINR
_b385
490 _aThemes in Indian sociology V.4
942 _cTEXL
_h304.8, JAY
999 _c1388116
_d1388116